[Event "GER-ch (Women) op"]
[Site "Augsburg"]
[Date "2024.03.10"]
[Round "9"]
[White "Krasenkova, Ilena"]
[Black "Schulze, Lara"]
[Result "1/2-1/2"]
[WhiteElo "2076"]
[BlackElo "2335"]
[PlyCount "50"]
[EventDate "2024.03.06"]
[EventType "swiss"]
[EventRounds "9"]
[EventCountry "GER"]
[SourceTitle "CB12_2024"]
[SourceDate "2023.10.01"]
[SourceVersion "1"]
[SourceVersionDate "2023.10.01"]
[SourceQuality "1"]

1. d4 Nf6 2. c4 e6 3. g3 d5 4. Bg2 Bb4+ 5. Bd2 a5 6. a3 Be7 7. Qc2 0-0 8. Nf3 Nbd7 9. cxd5 exd5 10. 0-0 Bd6 11. Nc3 c6 12. Nh4 Re8 13. Nf5 Nf8 14. Nxd6 Qxd6 15. Rfe1 Ne6 16. e3 b5 17. b4 a4 18. Qd3 Ra7 19. e4 dxe4 20. Nxe4 Nxe4 21. Bxe4 h6 22. Rac1 Bd7 23. d5 cxd5 24. Qxd5 Ra6 25. Be3 Ng5 1/2-1/2

[Event "GER-ch (Women) op"]
[Site "Augsburg"]
[Date "2024.03.08"]
[Round "5"]
[White "Schulze, Lara"]
[Black "Stangl, Anita"]
[Result "1-0"]
[WhiteElo "2335"]
[BlackElo "2070"]
[PlyCount "73"]
[EventDate "2024.03.06"]
[EventType "swiss"]
[EventRounds "9"]
[EventCountry "GER"]
[SourceTitle "CB12_2024"]
[SourceDate "2023.10.01"]
[SourceVersion "1"]
[SourceVersionDate "2023.10.01"]
[SourceQuality "1"]

1. e4 e6 2. d4 d5 3. Nd2 Nf6 4. e5 Nfd7 5. c3 c5 6. f4 b6 7. Ndf3 Ba6 8. Bxa6 Nxa6 9. Ne2 Nc7 10. 0-0 Be7 11. Be3 0-0 12. Kh1 f5 13. Rg1 c4 14. g4 b5 15. Qc2 Kh8 16. Ng5 a5 17. Rg2 b4 18. Nxe6 Nxe6 19. gxf5 Nc7 20. Rag1 Ne8 21. Ng3 Ra6 22. Nh5 Rg8 23. Qe2 Qb6 24. Qf3 Qc6 25. f6 Bxf6 26. exf6 Ndxf6 27. f5 Qd7 28. Nf4 Qxf5 29. Rg5 Qe4 30. Qxe4 dxe4 31. d5 Rf8 32. Bd4 Rf7 33. Re5 Ra8 34. Ne6 h6 35. Rf5 Nd6 36. Rff1 Rg8 37. Nxg7 1-0

[Event "Mitropa Cup (Women)"]
[Site "Apolda"]
[Date "2024.02.21"]
[Round "7.19"]
[White "Schulze, Lara"]
[Black "Terbe, Zsuzsanna"]
[Result "1-0"]
[WhiteElo "2308"]
[BlackElo "2184"]
[PlyCount "67"]
[EventDate "2024.02.15"]
[EventType "team-tourn"]
[EventRounds "9"]
[EventCountry "GER"]
[SourceTitle "CB09_2024"]
[SourceDate "2024.02.28"]
[SourceVersion "1"]
[SourceVersionDate "2024.02.28"]
[SourceQuality "1"]
[WhiteTeam "Germany (W)"]
[BlackTeam "Hungary (W)"]
[WhiteTeamCountry "GER"]
[BlackTeamCountry "HUN"]

1. e4 e5 2. Nf3 Nc6 3. Bc4 Nf6 4. d3 h6 5. c3 d6 6. 0-0 g5 7. Nbd2 Bg7 8. Bb3 g4 9. Ne1 h5 10. f4 exf4 11. Rxf4 Bh6 12. Rf1 g3 13. Qf3 gxh2+ 14. Kh1 Bg7 15. Nc4 Bg4 16. Qf2 Be6 17. Ne3 Qd7 18. Nf5 Bxf5 19. Qxf5 Qxf5 20. Rxf5 Ne5 21. Bg5 Neg4 22. Bh4 Rh6 23. Nf3 Ne3 24. Rg5 Kf8 25. Nd4 Nfg4 26. Nf5 Nxf5 27. Rxf5 f6 28. Bd1 Ne3 29. Rxh5 Rg6 30. Bf3 Ke7 31. Kxh2 Rg8 32. Re1 Bh6 33. g3 Rh8 34. Rxe3 1-0

[Event "Mitropa Cup (Women)"]
[Site "Apolda"]
[Date "2024.02.20"]
[Round "6.20"]
[White "Schulze, Lara"]
[Black "Blanquet, Camille"]
[Result "1-0"]
[WhiteElo "2308"]
[BlackElo "2014"]
[PlyCount "67"]
[EventDate "2024.02.15"]
[EventType "team-tourn"]
[EventRounds "9"]
[EventCountry "GER"]
[SourceTitle "CB09_2024"]
[SourceDate "2024.02.28"]
[SourceVersion "1"]
[SourceVersionDate "2024.02.28"]
[SourceQuality "1"]
[WhiteTeam "Germany (W)"]
[BlackTeam "France (W)"]
[WhiteTeamCountry "GER"]
[BlackTeamCountry "FRA"]

1. e4 d6 2. d4 Nf6 3. Nc3 Nbd7 4. h3 e5 5. g4 exd4 6. Qxd4 Nc5 7. Bg2 Be7 8. Nge2 0-0 9. Be3 c6 10. a4 Qc7 11. 0-0 Re8 12. Ng3 Bf8 13. Rad1 b6 14. Qd2 Ba6 15. Rfe1 Rad8 16. Bg5 Ncd7 17. Nf5 h6 18. Bh4 Re6 19. b4 Bb7 20. Ne2 Rde8 21. Ned4 Rxe4 22. Bxe4 Rxe4 23. f3 Rxe1+ 24. Rxe1 c5 25. Nb5 Qc6 26. Nbxd6 Ba8 27. Ne4 Nxe4 28. Rxe4 Qxa4 29. Re8 Qa1+ 30. Kf2 Bxf3 31. Qxd7 Kh7 32. Ng3 cxb4 33. Qf5+ Kg8 34. Rxf8+ 1-0

[Event "Mitropa Cup (Women)"]
[Site "Apolda"]
[Date "2024.02.19"]
[Round "5.19"]
[White "Schulze, Lara"]
[Black "Berke, Ana"]
[Result "1/2-1/2"]
[WhiteElo "2308"]
[BlackElo "2075"]
[PlyCount "80"]
[EventDate "2024.02.15"]
[EventType "team-tourn"]
[EventRounds "9"]
[EventCountry "GER"]
[SourceTitle "CB09_2024"]
[SourceDate "2024.02.28"]
[SourceVersion "1"]
[SourceVersionDate "2024.02.28"]
[SourceQuality "1"]
[WhiteTeam "Germany (W)"]
[BlackTeam "Croatia (W)"]
[WhiteTeamCountry "GER"]
[BlackTeamCountry "CRO"]

1. e4 c5 2. Nf3 e6 3. c3 Nf6 4. e5 Nd5 5. d4 cxd4 6. cxd4 d6 7. Bc4 Be7 8. 0-0 0-0 9. Qe2 Bd7 10. Bxd5 exd5 11. Nc3 Be6 12. Bf4 Nc6 13. Rad1 a6 14. Rfe1 Rc8 15. h3 b5 16. Qd2 b4 17. Na4 dxe5 18. Nxe5 Nxe5 19. Bxe5 Bf5 20. Rc1 Re8 21. Rxc8 Qxc8 22. Rc1 Qe6 23. Bf4 h6 24. Nc5 Qg6 25. Kh2 a5 26. Re1 Qc6 27. g4 Bg6 28. Re3 Bf8 29. Rxe8 Qxe8 30. Nb3 a4 31. Nc5 Qb5 32. Qe3 Kh7 33. Kg1 Qc6 34. Kh2 Bb1 35. a3 bxa3 36. bxa3 Bg6 37. Kg1 Qb5 38. Kg2 Qc6 39. Kg1 Qb5 40. Kg2 Qc6 1/2-1/2

[Event "Mitropa Cup (Women)"]
[Site "Apolda"]
[Date "2024.02.15"]
[Round "1.3"]
[White "Schulze, Lara"]
[Black "Gueci, Tea"]
[Result "1-0"]
[WhiteElo "2308"]
[BlackElo "2193"]
[PlyCount "85"]
[EventDate "2024.02.15"]
[EventType "team-tourn"]
[EventRounds "9"]
[EventCountry "GER"]
[SourceTitle "CB09_2024"]
[SourceDate "2024.02.28"]
[SourceVersion "1"]
[SourceVersionDate "2024.02.28"]
[SourceQuality "1"]
[WhiteTeam "Germany (W)"]
[BlackTeam "Italy (W)"]
[WhiteTeamCountry "GER"]
[BlackTeamCountry "ITA"]

1. e4 c5 2. Nf3 Nc6 3. Bb5 e5 4. 0-0 Bd6 5. d3 a6 6. Bc4 Nf6 7. Nc3 b5 8. Bb3 h6 9. Nd5 0-0 10. Be3 Nxd5 11. Bxd5 Rb8 12. Nd2 Ne7 13. Bb3 Ng6 14. Qh5 Qf6 15. Qf5 Kh7 16. Qxf6 gxf6 17. a4 Bb7 18. f3 Be7 19. axb5 axb5 20. Ra7 d6 21. Rfa1 Bd8 22. Nf1 Bb6 23. R7a2 f5 24. exf5 Nh4 25. Ng3 d5 26. c4 bxc4 27. dxc4 d4 28. Bf2 Rfd8 29. Rd1 d3 30. Ba4 Ra8 31. b4 Rac8 32. Rad2 Bxf3 33. gxf3 Nxf3+ 34. Kg2 Nxd2 35. Rxd2 Ra8 36. Bc6 Ra3 37. Ne4 Rc8 38. Bd5 cxb4 39. Bxb6 b3 40. c5 Rg8+ 41. Kf2 Ra2 42. Rxa2 bxa2 43. Bxa2 1-0

[Event "EU-ch Rapid (Women)"]
[Site "Monaco"]
[Date "2024.01.14"]
[Round "10"]
[White "Monpeurt, Cyrielle"]
[Black "Schulze, Lara"]
[Result "0-1"]
[WhiteElo "2187"]
[BlackElo "2285"]
[PlyCount "114"]
[EventDate "2024.01.13"]
[EventType "swiss (rapid)"]
[EventRounds "11"]
[EventCountry "MNC"]
[SourceTitle "CB03_2024"]
[SourceDate "2024.01.17"]
[SourceVersion "1"]
[SourceVersionDate "2024.01.17"]
[SourceQuality "1"]

1. e4 e5 2. Nf3 Nc6 3. Nc3 Nf6 4. Bb5 Bb4 5. 0-0 0-0 6. Bxc6 dxc6 7. d3 Re8 8. Bg5 h6 9. Bh4 Qd6 10. h3 Qe6 11. Bg3 Bd6 12. Ne2 c5 13. Bh2 c4 14. d4 Nxe4 15. dxe5 Bc5 16. Ned4 Qb6 17. Re1 Ng5 18. c3 Nxf3+ 19. Qxf3 Bxd4 20. cxd4 Qxd4 21. Rac1 Be6 22. b3 Bd5 23. Red1 Bxf3 24. Rxd4 Bc6 25. Rdxc4 Rad8 26. R4c2 Rd5 27. Bg3 Red8 28. Kh2 R8d7 29. Kg1 Kf8 30. Kh2 Ke7 31. Re1 Ke6 32. Rce2 Rd2 33. Kg1 Bb5 34. Rxd2 Rxd2 35. a3 Bc6 36. Re3 a5 37. Rc3 Ra2 38. b4 a4 39. Bf4 Rb2 40. Bc1 Rb1 41. f4 Ra1 42. Rc2 Be4 43. Rxc7 Bc6 44. f5+ Kxf5 45. Rxf7+ Kxe5 46. Rf1 Kd5 47. Bb2 Rxf1+ 48. Kxf1 g6 49. Bc1 h5 50. g3 Kc4 51. Ke2 Kc3 52. Ke3 b5 53. Kf4 Kc2 54. Be3 Kb2 55. Ke5 Kxa3 56. Kd6 Bg2 57. h4 Kxb4 0-1

[Event "EU-ch Blitz (Women)"]
[Site "Monaco"]
[Date "2024.01.12"]
[Round "4"]
[White "Hejazipour, Mitra"]
[Black "Schulze, Lara"]
[Result "1/2-1/2"]
[WhiteElo "2356"]
[BlackElo "2285"]
[PlyCount "109"]
[EventDate "2024.01.12"]
[EventType "swiss (blitz)"]
[EventRounds "13"]
[EventCountry "MNC"]
[SourceTitle "CB03_2024"]
[SourceDate "2024.01.17"]
[SourceVersion "1"]
[SourceVersionDate "2024.01.17"]
[SourceQuality "1"]

1. Nf3 d5 2. d4 Nf6 3. c4 e6 4. Nc3 Bb4 5. Qa4+ Nc6 6. e3 0-0 7. a3 Bxc3+ 8. bxc3 Ne4 9. Qc2 Na5 10. Bd3 f5 11. Ne5 Nd6 12. c5 Nf7 13. Nxf7 Rxf7 14. 0-0 b6 15. c4 dxc4 16. Bxc4 Nxc4 17. Qxc4 Qe8 18. Bb2 Bb7 19. f3 Rd8 20. Rac1 Bd5 21. Qc2 Qc6 22. Rfe1 b5 23. e4 fxe4 24. fxe4 Bc4 25. h3 e5 26. Rcd1 exd4 27. Bxd4 Rfd7 28. Bf2 Rxd1 29. Rxd1 Rxd1+ 30. Qxd1 Qxe4 31. Qd8+ Kf7 32. Qxc7+ Kg6 33. Qd6+ Kf7 34. Qd7+ Kg6 35. Bd4 Bd5 36. Qxg7+ Kh5 37. Qg3 Qb1+ 38. Kh2 Qe4 39. Be3 Qf5 40. Qe1 Qe4 41. g4+ Kg6 42. Qf2 Kg7 43. Bd4+ Kg8 44. Qd2 Kf7 45. Qf2+ Kg8 46. g5 Qf3 47. Qd2 Qh1+ 48. Kg3 Qe4 49. Be3 Qf3+ 50. Kh2 Qh1+ 51. Kg3 Qf3+ 52. Kh2 Qh1+ 53. Kg3 Qf3+ 54. Kh4 Qe4+ 55. Kg3 1/2-1/2

[Event "EU-ch Blitz (Women)"]
[Site "Monaco"]
[Date "2024.01.12"]
[Round "3"]
[White "Schulze, Lara"]
[Black "Piddubna, Bozhena"]
[Result "1-0"]
[WhiteElo "2285"]
[BlackElo "2035"]
[PlyCount "65"]
[EventDate "2024.01.12"]
[EventType "swiss (blitz)"]
[EventRounds "13"]
[EventCountry "MNC"]
[SourceTitle "CB03_2024"]
[SourceDate "2024.01.17"]
[SourceVersion "1"]
[SourceVersionDate "2024.01.17"]
[SourceQuality "1"]

1. e4 e5 2. Nc3 Nf6 3. Bc4 Nxe4 4. Qh5 Nd6 5. Qxe5+ Qe7 6. Qxe7+ Bxe7 7. Be2 0-0 8. d4 c6 9. Nf3 Nf5 10. d5 Bb4 11. Bf4 Re8 12. 0-0-0 g5 13. Bxg5 Bxc3 14. Bd3 Bxb2+ 15. Kxb2 Ng7 16. Rhe1 Rxe1 17. Rxe1 d6 18. Bf4 Bg4 19. Bxd6 cxd5 20. Re7 Nc6 21. Rxb7 Ne6 22. Ne5 Nxe5 23. Bxe5 a5 24. Rb5 d4 25. Rb7 a4 26. Ka3 Nc5 27. Rb5 Nxd3 28. cxd3 Bf5 29. Bxd4 Bxd3 30. Rg5+ Kf8 31. Bc5+ Ke8 32. Rg8+ Kd7 33. Rxa8 1-0

[Event "EU-ch Blitz (Women)"]
[Site "Monaco"]
[Date "2024.01.12"]
[Round "11"]
[White "Wagner, Dinara"]
[Black "Schulze, Lara"]
[Result "1/2-1/2"]
[WhiteElo "2459"]
[BlackElo "2285"]
[PlyCount "105"]
[EventDate "2024.01.12"]
[EventType "swiss (blitz)"]
[EventRounds "13"]
[EventCountry "MNC"]
[SourceTitle "CB03_2024"]
[SourceDate "2024.01.17"]
[SourceVersion "1"]
[SourceVersionDate "2024.01.17"]
[SourceQuality "1"]

1. d4 Nf6 2. c4 e6 3. Nf3 d5 4. g3 Bb4+ 5. Bd2 Be7 6. Bg2 0-0 7. 0-0 c6 8. Qc2 Nbd7 9. Bf4 b6 10. Nbd2 Ba6 11. b3 Rc8 12. e4 dxe4 13. Nxe4 Nxe4 14. Qxe4 Nf6 15. Qe2 Bd6 16. Ne5 Nd5 17. Bd2 Ne7 18. Rfd1 Qc7 19. Rac1 Bxe5 20. dxe5 Nf5 21. Bc3 Rfd8 22. Qe4 c5 23. Bf3 Rb8 24. Qg4 Bb7 25. h4 Bxf3 26. Qxf3 h6 27. Qe4 Rxd1+ 28. Rxd1 Rd8 29. Qe2 Rd7 30. Rd3 Qd8 31. Rxd7 Qxd7 32. Kg2 Nd4 33. Qe4 Nf5 34. Qe2 Qc6+ 35. Qf3 Qd7 36. Qe2 Qc6+ 37. Qf3 Qd7 38. h5 Kh7 39. Qe4 Kg8 40. Qa8+ Kh7 41. Qe4 Kg8 42. g4 Ne7 43. Kg3 Nc6 44. f3 Nd4 45. Qe3 Kh7 46. Qe4+ Kg8 47. Qe3 Kh7 48. Kg2 Kg8 49. Qe4 Kh8 50. Qe3 Kg8 51. Qe4 Kh8 52. Qa8+ Kh7 53. Qe4+ 1/2-1/2

[Event "German Masters (Women)"]
[Site "Rosenheim"]
[Date "2023.12.16"]
[Round "6"]
[White "Hoolt, Sarah"]
[Black "Schulze, Lara"]
[Result "0-1"]
[WhiteElo "2309"]
[BlackElo "2299"]
[PlyCount "88"]
[EventDate "2023.12.11"]
[EventType "tourn"]
[EventRounds "9"]
[EventCountry "GER"]
[EventCategory "2"]
[SourceTitle "CB51_2023"]
[SourceDate "2023.12.20"]
[SourceVersion "1"]
[SourceVersionDate "2023.12.20"]
[SourceQuality "1"]

1. e4 c5 2. Nf3 e6 3. d4 cxd4 4. Nxd4 Nf6 5. Nc3 Nc6 6. a3 d6 7. f4 Be7 8. Be3 0-0 9. Qf3 e5 10. Nf5 Bxf5 11. exf5 Nd4 12. Bxd4 exd4 13. Nb5 Qa5+ 14. c3 dxc3 15. Qxc3 Qb6 16. Qd4 Qc6 17. Nc3 Bd8 18. Bb5 Qxg2 19. 0-0-0 Bb6 20. Qxd6 Rad8 21. Qe5 Rc8 22. Kb1 Rc5 23. Qe7 Nd5 24. Nxd5 Rxd5 25. Bc4 Rd2 26. Rxd2 Qxd2 27. Re1 Bc5 28. Qe4 Bd6 29. Rf1 Bc5 30. Qxb7 Bd4 31. Qb3 Qxh2 32. Re1 Qxf4 33. Bxf7+ Kh8 34. Qb4 Qxf5+ 35. Ka1 Bxb2+ 36. Qxb2 Qxf7 37. Qe5 h6 38. Rc1 Qf6 39. Qxf6 Rxf6 40. Rc7 a6 41. Kb2 Kh7 42. a4 h5 43. Kb3 h4 44. a5 h3 0-1

[Event "German Masters (Women)"]
[Site "Rosenheim"]
[Date "2023.12.14"]
[Round "4"]
[White "Bashylina, Luisa"]
[Black "Schulze, Lara"]
[Result "1-0"]
[WhiteElo "2179"]
[BlackElo "2299"]
[PlyCount "87"]
[EventDate "2023.12.11"]
[EventType "tourn"]
[EventRounds "9"]
[EventCountry "GER"]
[EventCategory "2"]
[SourceTitle "CB51_2023"]
[SourceDate "2023.12.20"]
[SourceVersion "1"]
[SourceVersionDate "2023.12.20"]
[SourceQuality "1"]

1. d4 Nf6 2. c4 e6 3. Nc3 Bb4 4. e3 0-0 5. Bd2 d5 6. Nf3 b6 7. cxd5 exd5 8. Rc1 Bd6 9. Ne5 c5 10. Bd3 Bb7 11. 0-0 Nc6 12. f4 cxd4 13. Nxc6 Bxc6 14. exd4 Qd7 15. Qc2 Rae8 16. a4 Bb4 17. b3 Qd6 18. Rce1 Bd7 19. Re5 Rc8 20. Qb2 Bxc3 21. Bxc3 Ng4 22. Ree1 Rfe8 23. Bd2 Qf6 24. h3 Nh6 25. Re5 Nf5 26. Rxd5 Red8 27. Re5 Nxd4 28. Bc3 Rxc3 29. Qxc3 Nc6 30. Bc4 Nxe5 31. fxe5 Qg5 32. Rxf7 Kh8 33. Qf3 h5 34. Rf8+ Rxf8 35. Qxf8+ Kh7 36. Bg8+ Kh6 37. Qd6+ Qg6 38. Qxd7 Qb1+ 39. Kh2 Qe1 40. Qf5 h4 41. Qh7+ Kg5 42. Qxg7+ Kf4 43. Qh6+ Ke4 44. Qg5 1-0

[Event "German Masters (Women)"]
[Site "Rosenheim"]
[Date "2023.12.11"]
[Round "1"]
[White "Schulze, Lara"]
[Black "Lubbe, Melanie"]
[Result "1-0"]
[WhiteElo "2299"]
[BlackElo "2257"]
[PlyCount "75"]
[EventDate "2023.12.11"]
[EventType "tourn"]
[EventRounds "9"]
[EventCountry "GER"]
[EventCategory "2"]
[SourceTitle "CB51_2023"]
[SourceDate "2023.12.20"]
[SourceVersion "1"]
[SourceVersionDate "2023.12.20"]
[SourceQuality "1"]

1. e4 c5 2. Nf3 e6 3. c3 Nf6 4. e5 Nd5 5. d4 cxd4 6. cxd4 d6 7. Bc4 Nc6 8. 0-0 Be7 9. Qe2 0-0 10. Nc3 Nxc3 11. bxc3 dxe5 12. dxe5 Qc7 13. Bd3 f5 14. exf6 gxf6 15. Bc4 Nd8 16. Nd4 Kh8 17. Nxe6 Nxe6 18. Bxe6 Bd6 19. Bd5 Bxh2+ 20. Kh1 Be5 21. Rb1 Bxc3 22. Bh6 Rd8 23. Rfd1 Be5 24. Rbc1 Qa5 25. Qh5 Qb4 26. f4 Bb2 27. Qf7 f5 28. Rc7 Bd7 29. Rxd7 Rxd7 30. Qxd7 Qb6 31. Qe6 Qf2 32. Bg5 Rf8 33. Bf3 Bd4 34. Qe7 Bg7 35. Rd7 Rg8 36. Qxg7+ Rxg7 37. Rd8+ Rg8 38. Bf6# 1-0

[Event "GER-ch Rapid (Women)"]
[Site "Dinkelsbuehl"]
[Date "2023.11.12"]
[Round "8"]
[White "Schulze, Lara"]
[Black "Arnhold, Steffi"]
[Result "1-0"]
[WhiteElo "2191"]
[BlackElo "2149"]
[PlyCount "59"]
[EventDate "2023.11.11"]
[EventType "swiss (rapid)"]
[EventRounds "9"]
[EventCountry "GER"]
[SourceTitle "CB47_2023"]
[SourceDate "2023.11.22"]
[SourceVersion "1"]
[SourceVersionDate "2023.11.22"]
[SourceQuality "1"]

1. e4 c5 2. Nf3 e6 3. c4 Qc7 4. Nc3 a6 5. Be2 d6 6. d4 cxd4 7. Nxd4 Nf6 8. 0-0 Be7 9. Be3 Nbd7 10. Rc1 b6 11. f4 Bb7 12. Bf3 h5 13. f5 e5 14. Nd5 Qd8 15. Nc2 Nc5 16. b4 Ncxe4 17. Bxb6 Qd7 18. Nc7+ Kf8 19. Nxa8 Bxa8 20. Ne3 h4 21. Nd5 h3 22. g3 Qxf5 23. Qe2 Qg6 24. Rce1 Nxg3 25. hxg3 Nh5 26. Bxh5 Rxh5 27. Kh2 Bg5 28. Qe4 Qxe4 29. Rxe4 Bd2 30. a3 1-0

[Event "GER-ch Rapid (Women)"]
[Site "Dinkelsbuehl"]
[Date "2023.11.12"]
[Round "6"]
[White "Schulze, Lara"]
[Black "Sieber, Fiona"]
[Result "1-0"]
[WhiteElo "2191"]
[BlackElo "2228"]
[PlyCount "59"]
[EventDate "2023.11.11"]
[EventType "swiss (rapid)"]
[EventRounds "9"]
[EventCountry "GER"]
[SourceTitle "CB47_2023"]
[SourceDate "2023.11.22"]
[SourceVersion "1"]
[SourceVersionDate "2023.11.22"]
[SourceQuality "1"]

1. e4 c5 2. Nf3 e6 3. c4 Nc6 4. Nc3 b6 5. d4 cxd4 6. Nxd4 Bb7 7. Be2 Bc5 8. Nb3 Bb4 9. 0-0 Nf6 10. Qd3 0-0 11. f4 Bxc3 12. bxc3 Qe7 13. a4 Rfd8 14. Ba3 d6 15. e5 Ne8 16. exd6 Qd7 17. Rad1 Rac8 18. c5 Nb8 19. Qd4 Bd5 20. c4 Ba8 21. cxb6 Qxa4 22. b7 Bxb7 23. Qb2 Na6 24. c5 Bd5 25. Rd4 Qxb3 26. Qxb3 Bxb3 27. Bxa6 Rb8 28. c6 Rb6 29. c7 Nxc7 30. dxc7 1-0

[Event "GER-ch Rapid (Women)"]
[Site "Dinkelsbuehl"]
[Date "2023.11.11"]
[Round "4"]
[White "Dolzhikova, Kateryna"]
[Black "Schulze, Lara"]
[Result "1/2-1/2"]
[WhiteElo "2104"]
[BlackElo "2191"]
[PlyCount "122"]
[EventDate "2023.11.11"]
[EventType "swiss (rapid)"]
[EventRounds "9"]
[EventCountry "GER"]
[SourceTitle "CB47_2023"]
[SourceDate "2023.11.22"]
[SourceVersion "1"]
[SourceVersionDate "2023.11.22"]
[SourceQuality "1"]

1. e4 e5 2. Nc3 Nf6 3. f4 d5 4. fxe5 Nxe4 5. Qf3 Nc6 6. Bb5 Nxc3 7. dxc3 Qh4+ 8. g3 Qe4+ 9. Qxe4 dxe4 10. Be3 h5 11. Ne2 Bd7 12. Bxc6 Bxc6 13. 0-0-0 Bd7 14. Rhf1 h4 15. Rf4 hxg3 16. hxg3 Rh2 17. Nd4 c5 18. Nb3 b6 19. Nd2 Rh5 20. Rxe4 Bc6 21. Rh4 Rxe5 22. Nc4 Re6 23. Rh8 Ke7 24. Bf4 Kf6 25. Rf1 Bb5 26. b3 Bxc4 27. bxc4 Kg6 28. Rd1 Rae8 29. Rd7 Bd6 30. Rxe8 Bxf4+ 31. gxf4 Rxe8 32. Rxa7 Re6 33. f5+ Kxf5 34. Rxf7+ Kg6 35. Rc7 Kf6 36. a4 g5 37. a5 bxa5 38. Rxc5 g4 39. Rxa5 g3 40. Kd2 Re8 41. Ra1 Kf5 42. c5 Kf4 43. Kd3 Kf3 44. Kc4 Kf2 45. c6 g2 46. Kd5 Rd8+ 47. Ke6 Re8+ 48. Kd6 Re1 49. Rxe1 Kxe1 50. c7 g1Q 51. c8Q Qg3+ 52. Kd5 Kd2 53. c4 Qf3+ 54. Kc5 Qe3+ 55. Kb5 Kxc2 56. Qf5+ Kc3 57. c5 Qe8+ 58. c6 Qb8+ 59. Kc5 Qb4+ 60. Kd5 Qb5+ 61. Ke4 Qxc6+ 1/2-1/2

[Event "GER-ch Rapid (Women)"]
[Site "Dinkelsbuehl"]
[Date "2023.11.11"]
[Round "2"]
[White "Schulze, Lara"]
[Black "Butenandt, Svenja"]
[Result "1-0"]
[WhiteElo "2191"]
[BlackElo "1990"]
[PlyCount "135"]
[EventDate "2023.11.11"]
[EventType "swiss (rapid)"]
[EventRounds "9"]
[EventCountry "GER"]
[SourceTitle "CB47_2023"]
[SourceDate "2023.11.22"]
[SourceVersion "1"]
[SourceVersionDate "2023.11.22"]
[SourceQuality "1"]

1. e4 c6 2. d4 d5 3. exd5 cxd5 4. Nf3 Nc6 5. c3 Bf5 6. Bb5 a6 7. Bxc6+ bxc6 8. Ne5 Rc8 9. 0-0 e6 10. Qe2 Qb6 11. c4 Nf6 12. Nc3 Be7 13. Be3 0-0 14. g4 Bg6 15. g5 Bh5 16. f3 Ne4 17. Nd7 Qd8 18. Nxf8 Bxg5 19. Bxg5 Nxg5 20. Qg2 dxc4 21. Rad1 Kxf8 22. h4 Nxf3+ 23. Rxf3 Bxf3 24. Qxf3 Qxh4 25. Ne4 Rd8 26. Rf1 f5 27. Rd1 Kg8 28. Nf2 Rxd4 29. Rxd4 Qxd4 30. Qxc6 Kf7 31. Qxa6 Qxb2 32. Qxc4 Kf6 33. a4 g5 34. Qc6 g4 35. Qe8 Qb1+ 36. Kh2 Qb3 37. Qh8+ Kg6 38. Qg8+ Kh6 39. Nxg4+ fxg4 40. Qxg4 Qb2+ 41. Kg1 Qa1+ 42. Kg2 e5 43. Qb4 Kg5 44. a5 Qa2+ 45. Kf3 Qa1 46. Qe7+ Kf5 47. Qxh7+ Ke6 48. Qg6+ Kd5 49. Qe4+ Kd6 50. Qb4+ Kd5 51. Qb7+ Kc4 52. a6 Qh1+ 53. Kg4 Qg1+ 54. Kf5 Qf1+ 55. Kxe5 Qa1+ 56. Kd6 Qf6+ 57. Kc7 Qe5+ 58. Kd8 Qh8+ 59. Ke7 Qg7+ 60. Ke6 Qg6+ 61. Kd7 Qg7+ 62. Kc8 Qh8+ 63. Kc7 Qe5+ 64. Kd7 Qg7+ 65. Ke6 Qg6+ 66. Ke5 Qg5+ 67. Ke4 Qg4+ 68. Ke3 1-0

[Event "GER-ch Rapid (Women)"]
[Site "Dinkelsbuehl"]
[Date "2023.11.11"]
[Round "5"]
[White "Schulze, Lara"]
[Black "Khrapko, Marharyta"]
[Result "1-0"]
[WhiteElo "2191"]
[BlackElo "2067"]
[PlyCount "47"]
[EventDate "2023.11.11"]
[EventType "swiss (rapid)"]
[EventRounds "9"]
[EventCountry "GER"]
[SourceTitle "CB47_2023"]
[SourceDate "2023.11.22"]
[SourceVersion "1"]
[SourceVersionDate "2023.11.22"]
[SourceQuality "1"]

1. e4 c5 2. Nf3 Nc6 3. Bb5 g6 4. 0-0 Bg7 5. c3 e5 6. d4 cxd4 7. cxd4 exd4 8. Bf4 Nge7 9. Bd6 0-0 10. Nbd2 Re8 11. Bc4 Na5 12. Bxf7+ Kxf7 13. b4 Nec6 14. bxa5 Re6 15. e5 Nxe5 16. Nxe5+ Bxe5 17. Bxe5 Rxe5 18. Nc4 Re6 19. Qxd4 Qf6 20. Qd5 Kg7 21. Rad1 Rb8 22. Qc5 Rc6 23. Qxa7 Qf4 24. Nd6 1-0

[Event "GER-ch (Women)"]
[Site "Ostfildern"]
[Date "2023.08.20"]
[Round "9"]
[White "Groeschel, Karoline"]
[Black "Schulze, Lara"]
[Result "1/2-1/2"]
[WhiteElo "1934"]
[BlackElo "2304"]
[PlyCount "86"]
[EventDate "2023.08.14"]
[EventType "swiss"]
[EventRounds "9"]
[EventCountry "GER"]
[SourceTitle "CBM 215 Extra"]
[Source "ChessBase"]
[SourceDate "2023.09.30"]
[SourceVersion "1"]
[SourceVersionDate "2023.09.30"]
[SourceQuality "1"]

1. e4 e5 2. Nf3 Nc6 3. Bb5 a6 4. Ba4 Nf6 5. 0-0 d6 6. Re1 Bd7 7. c3 g6 8. d4 Bg7 9. Nbd2 exd4 10. Bxc6 Bxc6 11. e5 dxe5 12. Rxe5+ Kf8 13. Nxd4 Ng4 14. Nxc6 Qh4 15. Nf3 Qxf2+ 16. Kh1 bxc6 17. Re2 Qc5 18. Qe1 h5 19. Bg5 Bf6 20. Bxf6 Nxf6 21. Ne5 Kg7 22. Rf2 Rad8 23. Rxf6 Kxf6 24. Qf1+ Kxe5 25. Re1+ Kd6 26. Qxf7 Qg5 27. b4 Rhe8 28. Rd1+ Qd5 29. Rxd5+ cxd5 30. Qxg6+ Re6 31. Qg3+ Kc6 32. h3 Kb7 33. Qd3 Re5 34. a4 Rg8 35. b5 a5 36. c4 dxc4 37. Qxc4 Rg6 38. Qc3 Reg5 39. Qf3+ Kb6 40. Qe3+ Kb7 41. Qe4+ Ka7 42. Qe3+ Kb7 43. Qe4+ Ka7 1/2-1/2

[Event "GER-ch (Women)"]
[Site "Ostfildern"]
[Date "2023.08.18"]
[Round "6"]
[White "Schulze, Lara"]
[Black "Dolzhikova, Kateryna"]
[Result "1/2-1/2"]
[WhiteElo "2304"]
[BlackElo "2307"]
[PlyCount "48"]
[EventDate "2023.08.14"]
[EventType "swiss"]
[EventRounds "9"]
[EventCountry "GER"]
[SourceTitle "CBM 215 Extra"]
[Source "ChessBase"]
[SourceDate "2023.09.30"]
[SourceVersion "1"]
[SourceVersionDate "2023.09.30"]
[SourceQuality "1"]

1. e4 e6 2. d4 d5 3. Bd3 c5 4. exd5 exd5 5. Nf3 Nf6 6. 0-0 Be7 7. dxc5 0-0 8. Be3 Bg4 9. Nbd2 a5 10. a4 Nbd7 11. Nb3 Qc7 12. h3 Bh5 13. g4 Bg6 14. Bxg6 hxg6 15. g5 Ne4 16. Qxd5 Ndxc5 17. Nxc5 Nxc5 18. Qc4 Ra6 19. c3 Re6 20. Bxc5 Bxc5 21. Kg2 Rc6 22. Qe4 Re6 23. Qc4 Rc6 24. Qe4 Re6 1/2-1/2